| 000 | 01013nmm a2200337 a 4500 | ||
|---|---|---|---|
| 003 | AR-BaBNM | ||
| 005 | 20251128211013.0 | ||
| 008 | 122020s1997 ||||||||||||||000 | spa|| | ||
| 040 | _cAR-BaBNM | ||
| 110 | 1 |
_aSanta Fe _bGobierno de Santa Fe _bComisión de Diseño Curricular |
|
| 245 | 1 | 0 | _aTercer ciclo EGB |
| 260 |
_aSanta Fe _bMinisterio de Educación _c1997 |
||
| 300 | _a70 p. | ||
| 504 | _aContiene referencias bibliográficas al final de cada capítulo | ||
| 650 | 4 | _aCURRICULO | |
| 650 | 4 | _aENSEÑANZA DE SEGUNDA LENGUA | |
| 650 | 4 | _aENSEÑANZA DE IDIOMAS | |
| 650 | 4 | _aLENGUA EXTRANJERA | |
| 650 | 4 | _aBILINGUISMO | |
| 651 | 4 | _aSanta Fe | |
| 653 | _aTERCER CICLO DE LA EGB | ||
| 653 | _aORGANIZACION CURRICULAR | ||
| 653 | _aENSEÑANZA DE LA LENGUA | ||
| 653 | _aESTRATEGIAS DIDACTICAS | ||
| 653 | _aCONTENIDOS PROCEDIMENTALES | ||
| 653 | _aCONTENIDOS CONCEPTUALES | ||
| 653 | _aEXPECTATIVAS DE LOGRO | ||
| 653 | _aCONTENIDOS ACTITUDINALES | ||
| 942 | _cBK | ||
| 998 | _craquel | ||
| 999 |
_c17841 _d17841 |
||